000 01799nam a22001577a 4500
999 _c527655
_d527655
008 240913b ||||| |||| 00| 0 eng d
100 _aSuresh, K.
_958139
245 _aNGOS and democratic decentralisation in Kerala: The role of Kerala Sastra Sahitya Parishad (KSSP)
260 _aBihar Journal of Public Administration
300 _a21(1), Jan-Jun, 2024: p.117-128
520 _aThe idea of ‘Peoples Planning’ in Kerala as a means of democratic decentralisation was widely recognised and appreciated. One of the reasons for the success of this novel initiative was the existence and operation of strong people’s organisations or movements that mobilised the people across the state and developed innovative models and experiments in decentralised governance. The most important organisation in this respect is the Kerala Sastra Sahitya Parishad (KSSP). Despite being a movement for imparting scientific education, the organisation acted as a channel for deepening democratic decentralisation through an active civil society interface. This study explores the Panchayat Raj system in Kerala and evaluates the role of NGOs, especially KSSP, in institutionalising democratic decentralisation. It concludes by emphasising the need for associating NGOs with the various stages of decentralisation to make it more meaningful and effective. The methodology adopted is analytical, comparative, and empirical.- Reproduced http://www.iipabiharbranch.org/upload/BJPA_Vol.%20XXI%20No.%201%20Jan-June.%202024.pdf
650 _aDecentralisation, Peoples planning, Non-governmental organisation, Kerala Sastra Sahitya Parishad, 73rd and 74th constitutional amendments.
_947615
773 _aBihar Journal of Public Administration
906 _aNON GOVERNMENTAL ORGANISATIONS
942 _cAR